US Presidents by Number of Elections Won Quiz Stats

 Plays Quiz not verified by Sporcle

Also try: Any Living Year II
Challenge
Share
Tweet
Embed
Score 0/43 Timer 04:00
0 Plays Today
US President Number of Elections Won % Correct
George Washington???
96.2%
Thomas Jefferson???
96.2%
John Adams???
92.4%
William Henry Harrison???
90.8%
Andrew Jackson???
90.1%
James Madison???
89.3%
James Monroe???
87.8%
Martin Van Buren???
87.8%
John Quincy Adams???
87%
James Polk???
84.7%
Ulysses Grant???
84.7%
Woodrow Wilson???
84.7%
James Buchanan???
84%
Abraham Lincoln???
84%
Franklin Pierce???
83.2%
James Garfield???
82.4%
Grover Cleveland???
80.9%
Herbert Hoover ???
80.2%
Dwight Eisenhower???
80.2%
Ronald Reagan???
80.2%
George W. Bush???
80.2%
Barack Obama???
80.2%
US President Number of Elections Won % Correct
Zachary Taylor???
79.4%
Benjamin Harrison???
79.4%
Bill Clinton???
79.4%
John Kennedy???
78.6%
Rutherford Hayes???
77.1%
William Taft???
76.3%
Warren Harding???
76.3%
Franklin Roosevelt???
76.3%
Jimmy Carter???
76.3%
Lyndon Johnson???
75.6%
Richard Nixon???
75.6%
Calvin Coolidge???
74.8%
George H. W. Bush???
74.8%
Harry Truman???
72.5%
William McKinley???
71%
Gerald Ford???
67.2%
John Tyler???
64.9%
Theodore Roosevelt???
64.9%
Millard Fillmore???
63.4%
Chester Arthur???
63.4%
Andrew Johnson???
61.1%

You're not logged in!

Compare scores with friends on all Sporcle quizzes.
Join for Free
OR
Log In

You Might Also Like...

Show Comments

Extras

Top Quizzes Today


Score Distribution

Your Account Isn't Verified!

In order to create a playlist on Sporcle, you need to verify the email address you used during registration. Go to your Sporcle Settings to finish the process.

Report this User

Report this user for behavior that violates our Community Guidelines.

Details: